<?xml version="1.0" encoding="UTF-8"?>
<record
    xmlns:xsi="http://www.w3.org/2001/XMLSchema-instance"
    xsi:schemaLocation="http://www.loc.gov/MARC21/slim http://www.loc.gov/standards/marcxml/schema/MARC21slim.xsd"
    xmlns="http://www.loc.gov/MARC21/slim">

  <leader>00581nam a22002177a 4500</leader>
  <controlfield tag="003">OSt</controlfield>
  <controlfield tag="005">20140310182440.0</controlfield>
  <controlfield tag="008">130312t        xxu||||| |||| 00| 0 eng d</controlfield>
  <datafield tag="020" ind1=" " ind2=" ">
    <subfield code="a">9788131222980</subfield>
  </datafield>
  <datafield tag="050" ind1=" " ind2=" ">
    <subfield code="a">615.321</subfield>
    <subfield code="b">S 31 2010</subfield>
  </datafield>
  <datafield tag="082" ind1=" " ind2=" ">
    <subfield code="a">615.321</subfield>
    <subfield code="b">S 31 2010</subfield>
  </datafield>
  <datafield tag="100" ind1=" " ind2=" ">
    <subfield code="a">Shah, Biren N.</subfield>
    <subfield code="9">9373</subfield>
  </datafield>
  <datafield tag="245" ind1=" " ind2=" ">
    <subfield code="a">Textbook of pharmacology and phytochemistry /</subfield>
    <subfield code="c">Biren N. Shah</subfield>
  </datafield>
  <datafield tag="260" ind1=" " ind2=" ">
    <subfield code="a">India :</subfield>
    <subfield code="b">Reed Elsevier India Pvt. Ltd.,</subfield>
    <subfield code="c">c2010.</subfield>
  </datafield>
  <datafield tag="300" ind1=" " ind2=" ">
    <subfield code="a">578p.</subfield>
    <subfield code="c">28cm.</subfield>
  </datafield>
  <datafield tag="521" ind1=" " ind2=" ">
    <subfield code="a">College</subfield>
  </datafield>
  <datafield tag="526" ind1=" " ind2=" ">
    <subfield code="c">1210L-1700L</subfield>
  </datafield>
  <datafield tag="541" ind1=" " ind2=" ">
    <subfield code="j">1</subfield>
  </datafield>
  <datafield tag="562" ind1=" " ind2=" ">
    <subfield code="e">1</subfield>
  </datafield>
  <datafield tag="942" ind1=" " ind2=" ">
    <subfield code="2">lcc</subfield>
    <subfield code="c">SSLC</subfield>
  </datafield>
  <datafield tag="999" ind1=" " ind2=" ">
    <subfield code="c">13504</subfield>
    <subfield code="d">13504</subfield>
  </datafield>
  <datafield tag="952" ind1=" " ind2=" ">
    <subfield code="0">0</subfield>
    <subfield code="1">0</subfield>
    <subfield code="2">lcc</subfield>
    <subfield code="4">0</subfield>
    <subfield code="a">SSLC</subfield>
    <subfield code="b">SSLC</subfield>
    <subfield code="c">SSLC</subfield>
    <subfield code="d">2013-03-12</subfield>
    <subfield code="l">2</subfield>
    <subfield code="m">31</subfield>
    <subfield code="o">RS 160 .Sh525 2010</subfield>
    <subfield code="p">SSLC0982</subfield>
    <subfield code="r">2017-04-20 00:00:00</subfield>
    <subfield code="s">2015-07-15</subfield>
    <subfield code="t">3</subfield>
    <subfield code="w">2013-03-12</subfield>
    <subfield code="y">BK</subfield>
  </datafield>
  <datafield tag="952" ind1=" " ind2=" ">
    <subfield code="0">0</subfield>
    <subfield code="1">0</subfield>
    <subfield code="2">lcc</subfield>
    <subfield code="4">0</subfield>
    <subfield code="a">SSLC</subfield>
    <subfield code="b">SSLC-SC</subfield>
    <subfield code="c">NULL</subfield>
    <subfield code="d">2013-08-03</subfield>
    <subfield code="e">DONATION</subfield>
    <subfield code="l">2</subfield>
    <subfield code="m">1</subfield>
    <subfield code="o">RS 160 .Sh525 2010</subfield>
    <subfield code="p">SSLC0980</subfield>
    <subfield code="r">2017-04-20 00:00:00</subfield>
    <subfield code="s">2015-07-15</subfield>
    <subfield code="t">1</subfield>
    <subfield code="w">2013-08-03</subfield>
    <subfield code="y">BK</subfield>
  </datafield>
  <datafield tag="952" ind1=" " ind2=" ">
    <subfield code="0">0</subfield>
    <subfield code="1">0</subfield>
    <subfield code="2">lcc</subfield>
    <subfield code="4">0</subfield>
    <subfield code="a">SSLC</subfield>
    <subfield code="b">SSLC</subfield>
    <subfield code="c">SSLC</subfield>
    <subfield code="d">2013-08-03</subfield>
    <subfield code="l">3</subfield>
    <subfield code="m">7</subfield>
    <subfield code="o">RS 160 .Sh525 2010</subfield>
    <subfield code="p">SSLC0981</subfield>
    <subfield code="r">2018-05-08 00:00:00</subfield>
    <subfield code="s">2018-02-09</subfield>
    <subfield code="t">2</subfield>
    <subfield code="w">2013-08-03</subfield>
    <subfield code="y">BK</subfield>
  </datafield>
</record>
